000 00694nam a2200205Ia 4500
003 GCL
008 140319s9999 xx 000 0 ara d
020 _a427232977
040 _aGCL /
_cGCL
082 0 4 _a155.4
_bح د
100 1 _aحسنية عبد المقصود
245 1 0 _aدراسات وبحوث فى علم نفس الطفل /
_cحسنية عبد المقصود
250 _aالاولى
260 _aالقاهرة :
_bعالم الكتب الحديث ،
_c2005
300 _a316ص ؛
_c24سم
650 0 4 _aعلم النفس التربوى
650 0 4 _aالاطفال - علم نفس
650 0 4 _aاطفال ما قبل المدرسة - علم نفس
942 _2ddc
_cBK
999 _c34739
_d34739